| 000 | 01526cam a22003134a 4500 | ||
|---|---|---|---|
| 001 | 31155 | ||
| 005 | 20230410101649.0 | ||
| 008 | 011107s2002 cou b 001 0 eng | ||
| 035 | _a12582974 | ||
| 925 | 0 |
_aacquire _b2 shelf copies _xpolicy default |
|
| 942 |
_2lcc _cbk |
||
| 010 | _a 2001048934 | ||
| 020 | _a1588260607 | ||
| 020 | _a1588260852 (pbk.) | ||
| 040 |
_aDLC _cDLC _dDLC |
||
| 042 | _apcc | ||
| 043 | _anwht--- | ||
| 050 | 1 | 4 |
_a110 F 1928.2 _bF254h 2002 |
| 082 | 0 | 0 | _a972.9407/3 |
| 100 | 1 | _aFatton, Robert. | |
| 245 | 1 | 0 |
_aHaiti's predatory republic : _bthe unending transition to democracy / _cRobert Fatton, Jr. |
| 260 |
_aBoulder, Co. : _bLynne Rienner Publishers, _cc2002. |
||
| 300 |
_axiv, 237 p. ; _c24 cm. |
||
| 504 | _aIncludes bibliographical references (p. 217-227) and index. | ||
| 505 | 8 | _aMachine generated contents note: Preface ix -- 1 Introduction 1 -- 2 Class, State, and Civil Society in Haiti 27 -- 3 The Fall of Duvalier and the Contradictions -- of Democratization 51 -- 4 The Rise, Fall, and Second Coming of -- Jean-Bertrand Aristide 77 -- 5 The Vicissitudes of Lavalasian Power 107 -- 6 The Antagonistic Present and Future Alternatives 141 -- 7 Toward a Compromise? 177 -- 8 Conclusion 197 -- List of Acronyms 213 -- Glossary 215 -- Bibliography 217 -- Index 229 -- About the Book 237. | |
| 651 | 0 |
_aHaiti _xPolitics and government _y1986- |
|
| 651 | 4 |
_aHaiti _xPolĂtica y gobierno _y1986-. |
|
| 856 | 4 | 1 |
_3Table of contents _uhttp://www.loc.gov/catdir/toc/fy022/2001048934.html |
| 999 |
_c11805 _d11805 |
||